Petrology of the sedimentary rocks / (Record no. 55382)
[ view plain ]
| 000 -LEADER | |
|---|---|
| fixed length control field | 00980nam a2200301 a 4500 |
| 001 - CONTROL NUMBER | |
| control field | 55382 |
| 003 - CONTROL NUMBER IDENTIFIER | |
| rucl marc code | BD-RjUL |
| 005 - DATE AND TIME OF LATEST TRANSACTION | |
| control field | 20211209080246.0 |
| 008 - FIXED-LENGTH DATA ELEMENTS--GENERAL INFORMATION | |
| fixed length control field | 161116r19751971enka b 001 0 eng |
| 020 ## - INTERNATIONAL STANDARD BOOK NUMBER | |
| International Standard Book Number | 0045520062 (Hardback) |
| International Standard Book Number | 0045520070 (Paper) |
| 035 ## - SYSTEM CONTROL NUMBER | |
| System control number | (BD-RjUL)55504 |
| 040 ## - CATALOGING SOURCE | |
| Original cataloging agency | DLC |
| Transcribing agency | DLC |
| Modifying agency | BD-RjUL |
| Language of cataloging | eng |
| 041 ## - LANGUAGE CODE | |
| Language code of text/sound track or separate title | eng |
| 082 00 - DEWEY DECIMAL CLASSIFICATION NUMBER | |
| Edition number | 23 |
| Classification number | 552.5 |
| Author mark and year | GRP 1975 |
| 100 1# - MAIN ENTRY--PERSONAL NAME | |
| Personal name | Greensmith, J. T. |
| 9 (RLIN) | 118811 |
| 245 10 - TITLE STATEMENT | |
| Title | Petrology of the sedimentary rocks / |
| Statement of responsibility, etc. | J. T. Greensmith, F. H. Hatch, R. H. Rastall |
| 250 ## - EDITION STATEMENT | |
| Edition statement | 5th rev. ed. |
| 260 ## - PUBLICATION, DISTRIBUTION, ETC. (IMPRINT) | |
| Place of publication, distribution, etc. | London : |
| Name of publisher, distributor, etc. | Thomas Murby, |
| Date of publication, distribution, etc. | 1971 [Impression 1975] |
| 300 ## - PHYSICAL DESCRIPTION | |
| Pagination | 502 p. : |
| Illustrations | ill. ; |
| Size | 24 cm. |
| 490 0# - SERIES STATEMENT | |
| Series statement | Textbook of petrology ; |
| Volume/sequential designation | v. 2 |
| 504 ## - BIBLIOGRAPHY, ETC. NOTE | |
| Bibliography, etc | Includes Bibliographical references and index |
| 650 #0 - SUBJECT ADDED ENTRY--TOPICAL TERM | |
| Topical term or geographic name as entry element | Sedimentary rocks. |
| 9 (RLIN) | 164963 |
| 700 1# - ADDED ENTRY--PERSONAL NAME | |
| Personal name | Hatch, F. H. , jt. auth. |
| Personal name | Rastall, R. H. , jt. auth. |
| 830 ## - SERIES ADDED ENTRY--UNIFORM TITLE | |
| Uniform title | Textbook of petrology ; |
| Volume number/sequential designation | v. 2 |
| 942 ## - ADDED ENTRY ELEMENTS (KOHA) | |
| Source of classification or shelving scheme | Dewey Decimal Classification |
| Koha item type | Books |
| Lost status | Source of classification or shelving scheme | Damaged status | Not for loan | Collection code | Permanent Location | Current Location | Shelving location | Date acquired | Source of acquisition | Cost, normal purchase price | Total Checkouts | Full call number | Date last seen | Copy number | Koha item type |
|---|---|---|---|---|---|---|---|---|---|---|---|---|---|---|---|
| Dewey Decimal Classification | Non-fiction | Central Library, University of Rajshahi | Central Library, University of Rajshahi | 31/12/1980 | Heffer | 5.50 | 552.5 GRP 1975 | 16/11/2016 | C-2 | Books | |||||
| Dewey Decimal Classification | Not For Loan | Non-fiction | Central Library, University of Rajshahi | Central Library, University of Rajshahi | Reading Room | 06/04/1978 | Provincial Book, Dhaka | 158.00 | 552.5 GRP 1971 | 17/04/2017 | C-1 | Books | |||
| Dewey Decimal Classification | Non-fiction | Central Library, University of Rajshahi | Central Library, University of Rajshahi | 31/12/1980 | Heffer | 5.50 | 552.5 GRP 1975 | 06/02/2020 | C-3 | Books | |||||
| Dewey Decimal Classification | Non-fiction | Central Library, University of Rajshahi | Central Library, University of Rajshahi | 31/12/1980 | Heffer | 5.50 | 552.5 GRP 1975 | 06/02/2020 | C-4 | Books | |||||
| Dewey Decimal Classification | Non-fiction | Central Library, University of Rajshahi | Central Library, University of Rajshahi | 31/12/1980 | Heffer | 5.50 | 552.5 GRP 1975 | 06/02/2020 | C-5 | Books |